000 00631nam a2200157Ia 4500
008 210719s2008 xx 000 0 und d
041 _aeng
082 _a658.8 ABDS
100 _aABDUSSAMAD (A K)
245 _aStudy on the consumers satisfaction of various mobile service providers with specific reference to airtel
260 _aMangalore
_bDepartment of Business Managament St Aloysius College
_c2008
300 _a85
_bHB
650 _aManagement
650 _aProject Reports
906 _aairtel ; consumers ; mobile ; of ; on ; providers ; reference ; satisfaction ; service ; specific ; Study ; the ; to ; various ; with
999 _c215099
_d215099